Real Madrid CF -- Player and Manager Records - Statistics

General Stats
  • This quiz has been taken 75 times
    74 since last reset
  • The average score is 26 of 36
Answer Stats
Hint # Years Nat. Answer % Correct
Most Goals 450 2009-2018 🇵🇹 Cristiano Ronaldo
99%
Most Expensive Transfer Signings €94.00m Manchester United : 09/10 🇵🇹 Cristiano Ronaldo
99%
Most Expensive Transfer Departures €117.00m Juventus : 18/19 🇵🇹 Cristiano Ronaldo
99%
Most Expensive Transfer Signings by Decade €94.00m Manchester United : 09/10 🇵🇹 Cristiano Ronaldo
99%
Most Appearances 741 1994-2010 🇪🇸 Raúl
96%
Most Goals 323 1994-2010 🇪🇸 Raúl
96%
Most Expensive Transfer Signings €127.00m Borussia Dortmund : 23/24 🏴󠁧󠁢󠁥󠁮󠁧󠁿 Jude Bellingham
94%
Most Expensive Transfer Signings by Decade €127.00m Borussia Dortmund : 23/24 🏴󠁧󠁢󠁥󠁮󠁧󠁿 Jude Bellingham
94%
Most Appearances 648 2009-2023 🇫🇷 Karim Benzema
94%
Most Goals 354 2009-2023 🇫🇷 Karim Benzema
94%
Most Assists 149 2009-2023 🇫🇷 Karim Benzema
94%
Most Expensive Transfer Signings €120.80m Chelsea : 19/20 🇧🇪 Eden Hazard
91%
Most Expensive Transfer Signings by Decade €120.80m Chelsea : 19/20 🇧🇪 Eden Hazard
91%
Most Games as Manager 263 2016-'18, 2019-'21 🇫🇷 Zinedine Zidane
91%
Most Goals 306 1953-1964 🇦🇷 🇪🇸 Alfredo di Stéfano
87%
Most Assists 139 1953-1964 🇦🇷 🇪🇸 Alfredo di Stéfano
87%
Most Games as Manager 353 2013-'15, 2021-'25 🇮🇹 Carlo Ancelotti
87%
Most Expensive Transfer Departures €70.65m Manchester United : 22/23 🇧🇷 Casemiro
87%
Most Appearances 671 2005-2021 🇪🇸 Sergio Ramos
87%
Most Expensive Transfer Signings €101.00m Tottenham Hotspur : 13/14 🏴󠁧󠁢󠁷󠁬󠁳󠁿 Gareth Bale
85%
Most Appearances 725 1999-2015 🇪🇸 Iker Casillas
82%
Most Expensive Transfer Departures €47.00m Arsenal : 13/14 🇩🇪 Mesut Özil
79%
Most Expensive Transfer Departures €75.00m Manchester United : 14/15 🇦🇷 Ángel Di María
78%
Most Assists 132 1958-1966 🇭🇺 Ferenc Puskás
78%
Most Expensive Transfer Signings €80.00m AS Monaco : 22/23 🇫🇷 Aurélien Tchouaméni
75%
Most Expensive Transfer Departures €66.00m Chelsea : 17/18 🇪🇸 Álvaro Morata
60%
Most Expensive Transfer Signings by Decade €35.00m Arsenal : 99/00 🇫🇷 Nicolas Anelka
51%
Most Games as Manager 246 1994, 1996, 1999-'03 🇪🇸 Vicente del Bosque
48%
Most Expensive Transfer Signings by Decade €4.30m Steaua Bucharest : 89/90 🇷🇴 Gheorghe Hagi
46%
Most Assists 166 1953-1971 🇪🇸 Paco Gento
31%
Most Appearances 710 1983-2001 🇪🇸 Manolo Sanchís
22%
Most Assists 168 1984-1996 🇪🇸 Míchel
13%
Most Goals 291 1971-1988 🇪🇸 Santillana
13%
Most Games as Manager 605 1959, 1960-'74 🇪🇸 Miguel Muñoz
12%
Most Games as Manager 197 1986-'89, 1992 🇳🇱 Leo Beenhakker
9%
Most Expensive Transfer Signings by Decade €1.50m Bayern Munich : 74/75 🇩🇪 Paul Breitner
7%
No matching quizzes found
Score Distribution
Percent of People with Each Score
Percentile by Number Answered
Your Score History
You have not taken this quiz since the last reset